Países limítrofes de la OTAN - Estadísticas

Estadísticas generales
  • Esta prueba ha sido intentada 3.730 veces
  • La puntuación promedio es 16 de 24
Estadísticas de respuestas
Limítrofes Países % Correcto
Noruega, Polonia, +3 Rusia
95%
Estados Unidos México
85%
Rumania, Polonia, +2 Ucrania
84%
Polonia, Letonia, Lituania Bielorrusia
80%
Francia, Italia, Alemania Suiza
76%
España, Francia Andorra
74%
Croacia, Rumania, +4 Serbia
71%
Turquía Armenia
70%
Italia Ciudad del Vaticano
69%
España Marruecos
69%
Italia San Marino
69%
Turquía Georgia
68%
Turquía Siria
67%
Turquía Azerbaiyán
65%
Rumania Moldavia
64%
Francia Mónaco
62%
Turquía Irak
60%
Turquía Irán
60%
Albania, Montenegro, Macedonia del Norte Kosovo
60%
Alemania, Italia, +5 Austria
59%
Croacia, Montenegro Bosnia y Herzegovina
59%
Reino Unido Irlanda
57%
Francia Brasil
41%
Francia Surinam
33%
No se encontraron pruebas coincidentes
Distribución de puntuación
Porcentaje de gente con cada puntuación
Porcentaje por número respondido
Historial de tus puntuaciones
No has intentado esta prueba.